[Event "IV Festival A"]
[Site "Salsomaggiore Terme ITA"]
[Date "2000.05.13"]
[Round "4"]
[White "Everet, Alexandro"]
[Black "De Santis, Alessio"]
[Result "1/2-1/2"]
[WhiteElo "2357"]
[BlackElo "2309"]
[PlyCount "62"]
[EventDate "2000.05.11"]

1. d4 d6 2. Nf3 Bg4 3. e4 Nd7 4. Be2 e6 5. Be3 Be7 6. c4 c6 7. Nc3 Qc7 8. Rc1
Ngf6 9. h3 Bxf3 10. gxf3 g6 11. f4 O-O 12. h4 Qa5 13. Kf1 d5 14. e5 Ne8 15. h5
Ng7 16. cxd5 cxd5 17. Bd3 Rfc8 18. a3 Nf8 19. Qd2 a6 20. Ke2 Rc6 21. f5 Nxf5
22. Bxf5 exf5 23. b4 Qd8 24. Qa2 f4 25. Bxf4 Bg5 26. Be3 Rac8 27. Qd2 Bxe3 28.
Qxe3 Ne6 29. hxg6 fxg6 30. Kd2 Rc4 31. Ne2 Rxc1 1/2-1/2

[Event "IV Festival A"]
[Site "Salsomaggiore Terme ITA"]
[Date "2000.05.13"]
[Round "4"]
[White "Farago, Ivan"]
[Black "Mrdja, Milan"]
[Result "0-1"]
[WhiteElo "2467"]
[BlackElo "2425"]
[PlyCount "68"]
[EventDate "2000.05.11"]

1. d4 Nf6 2. c4 g6 3. Nc3 d5 4. Nf3 Bg7 5. Qb3 dxc4 6. Qxc4 O-O 7. e4 a6 8. Qb3
b5 9. e5 Nfd7 10. e6 fxe6 11. Be3 Nf6 12. a4 bxa4 13. Rxa4 Nc6 14. Bc4 Rb8 15.
Bxe6+ Kh8 16. Qc4 Bxe6 17. Qxe6 Qd6 18. Ng5 Nd8 19. Qh3 h6 20. Nf3 Nf7 21. Ra2
Nd5 22. O-O Nxe3 23. fxe3 e5 24. Ne4 Qd5 25. Nc3 Qc4 26. Rd1 exd4 27. exd4 Ng5
28. Qg4 Rbd8 29. Ra4 Nxf3+ 30. Qxf3 Qb3 31. Qe2 c5 32. Ra3 Qf7 33. d5 Rde8 34.
Qxa6 Qf2+ 0-1

[Event "IV Festival A"]
[Site "Salsomaggiore Terme ITA"]
[Date "2000.05.13"]
[Round "4"]
[White "Frigieri, Fabrizio"]
[Black "Popa, Claudiu"]
[Result "0-1"]
[WhiteElo "1900"]
[BlackElo "2140"]
[PlyCount "78"]
[EventDate "2000.05.11"]

1. e4 e5 2. Nf3 Nc6 3. Bb5 f5 4. Nc3 fxe4 5. Nxe4 d5 6. Ng3 Bg4 7. h3 Bxf3 8.
Qxf3 Nf6 9. O-O Bd6 10. Qc3 Qd7 11. d3 a6 12. Bxc6 bxc6 13. f4 exf4 14. Bxf4
O-O 15. Bxd6 cxd6 16. Nf5 Rae8 17. Rf3 Re2 18. Raf1 c5 19. Ng3 Re6 20. Nf5 Kh8
21. Qd2 Ng8 22. Ne3 Rxf3 23. Rxf3 d4 24. Nf1 Qe7 25. Ng3 Re1+ 26. Kh2 Re3 27.
Qf2 Nf6 28. Ne4 Rxf3 29. gxf3 Nh5 30. b3 Qe5+ 31. Ng3 g6 32. Kg2 Nf4+ 33. Kh2
Kg7 34. h4 Qe6 35. Qf1 Qf6 36. Ne4 Qxh4+ 37. Kg1 Qe7 38. Kf2 d5 39. Ng3 Qe3#
0-1

[Event "IV Festival A"]
[Site "Salsomaggiore Terme ITA"]
[Date "2000.05.13"]
[Round "4"]
[White "Giretti Kanev, Jasen"]
[Black "Turci, Stefano"]
[Result "0-1"]
[WhiteElo "2155"]
[BlackElo "2174"]
[PlyCount "168"]
[EventDate "2000.05.11"]

1. e4 d5 2. exd5 Qxd5 3. Nc3 Qa5 4. d4 Nf6 5. Bf4 Bg4 6. Qd2 c6 7. h3 Bh5 8. g4
Bg6 9. O-O-O e6 10. Bg2 Bb4 11. Nge2 Nbd7 12. a3 Nb6 13. Kb1 Nc4 14. Qe1 Bxa3
15. b3 Qb4 16. Nc1 Bxc1 17. Ne4 Qxe1 18. Rhxe1 Bxf4 19. Nxf6+ gxf6 20. bxc4
O-O-O 21. Kb2 h5 22. d5 cxd5 23. cxd5 hxg4 24. hxg4 Rh2 25. Rg1 exd5 26. Bxd5
Rxf2 27. Bxb7+ Kc7 28. Rxd8 Kxd8 29. Rg2 Rxg2 30. Bxg2 Kc7 31. Kc3 Kb6 32. Kb3
Kc5 33. c3 Bd3 34. Bf3 Be5 35. Bd1 a5 36. Bf3 Bc4+ 37. Kb2 Bf4 38. Kc2 Be6 39.
Kb2 f5 40. gxf5 Bxf5 41. Bh5 f6 42. Bf7 Bd3 43. Bg8 Bc4 44. Bh7 Be6 45. Bd3 Be5
46. Bc2 f5 47. Bd1 f4 48. Kc2 f3 49. Bxf3 Bf5+ 50. Kb3 Bd3 51. Bh5 Bf4 52. Bf7
Bc1 53. Be6 Be4 54. Bf7 Bd2 55. Be8 Bc6 56. Kc2 Be1 57. Bg6 Bd5 58. Bd3 Bh4 59.
Kb2 Bf6 60. Be2 Bc4 61. Bf3 Kd6 62. Bh5 Be5 63. Be8 Ke7 64. Bh5 Kf6 65. Be8 Kg5
66. Kc2 Kf4 67. Bd7 Ke3 68. Be8 Ke4 69. Bg6+ Kd5 70. Bf7+ Kc5 71. Be8 Bb5 72.
Bf7 a4 73. Kb2 Bd6 74. Bh5 Bc4 75. Be8 Bb3 76. Bd7 Kb6 77. Bg4 Bc4 78. Kc2 a3
79. Bf5 Be5 80. Be4 Kc5 81. Bd3 a2 82. Kb2 Bxc3+ 83. Kc2 a1=Q 84. Bxc4 Qb2+ 0-1

[Event "IV Festival A"]
[Site "Salsomaggiore Terme ITA"]
[Date "2000.05.13"]
[Round "4"]
[White "Loncar, Robert"]
[Black "Chatalbashev, Boris"]
[Result "1/2-1/2"]
[WhiteElo "2406"]
[BlackElo "2522"]
[PlyCount "114"]
[EventDate "2000.05.11"]

1. Nf3 g6 2. d4 Bg7 3. g3 c5 4. c3 Qa5 5. d5 Nf6 6. Nbd2 d6 7. Bg2 b5 8. O-O
Bb7 9. e4 Nbd7 10. a4 a6 11. Re1 O-O 12. h3 Qc7 13. Bf1 bxa4 14. Qxa4 a5 15.
Nc4 Nb6 16. Nxb6 Qxb6 17. Nd2 Qc7 18. Nc4 e6 19. Bf4 e5 20. Bd2 Nd7 21. Nxa5
Ra7 22. b4 f5 23. f3 fxe4 24. fxe4 Nf6 25. Bg2 Nh5 26. Kh2 Bc8 27. Rf1 Rxf1 28.
Rxf1 Bd7 29. Qb3 Qb6 30. Nc6 Ra8 31. b5 Nf6 32. c4 Ne8 33. Qc3 Nf6 34. Bg5 Rf8
35. Qa3 h6 36. Bd2 Qb7 37. Qa6 Qxa6 38. bxa6 Ra8 39. Ra1 Ne8 40. a7 Bxc6 41.
dxc6 Nc7 42. Rb1 Rxa7 43. Rb7 Rxb7 44. cxb7 Na6 45. Ba5 Kf7 46. h4 Ke7 47. Bh3
h5 48. Bc7 Bh6 49. b8=Q Nxb8 50. Bxb8 Bd2 51. Bc7 Bb4 52. Kg2 Bc3 53. Kf3 Bb4
54. Ke2 Bc3 55. g4 Bb4 56. Kd3 Be1 57. Bb6 Bxh4 1/2-1/2

[Event "IV Festival A"]
[Site "Salsomaggiore Terme ITA"]
[Date "2000.05.13"]
[Round "4"]
[White "Nelli, Luca"]
[Black "Gorbatov, Alexej"]
[Result "0-1"]
[WhiteElo "1936"]
[BlackElo "2423"]
[PlyCount "58"]
[EventDate "2000.05.11"]

1. c4 b6 2. Nc3 Bb7 3. e4 e6 4. Nf3 Bb4 5. Qb3 Ba5 6. d3 Ne7 7. Bg5 f6 8. Bh4
d5 9. O-O-O d4 10. Ne2 e5 11. Nd2 c5 12. Bg3 O-O 13. f4 Bxd2+ 14. Rxd2 f5 15.
exf5 Nxf5 16. fxe5 g5 17. Qd1 Ne3 18. Qe1 Qd7 19. Bf2 Nc6 20. Ng3 Rae8 21. Bxe3
dxe3 22. Qxe3 Rxe5 23. Ne4 Qd4 24. Qg3 Ne7 25. Nxg5 Nf5 26. Qh3 Re1+ 27. Rd1
Qf4+ 28. Kc2 Ne3+ 29. Kc1 Ng4+ 0-1

[Event "IV Festival A"]
[Site "Salsomaggiore Terme ITA"]
[Date "2000.05.13"]
[Round "4"]
[White "Pernigotti, Carlo"]
[Black "Mione, Dario"]
[Result "1/2-1/2"]
[WhiteElo "2203"]
[BlackElo "2290"]
[PlyCount "44"]
[EventDate "2000.05.11"]

1. e4 e6 2. d4 d5 3. Nd2 c5 4. exd5 Qxd5 5. Ngf3 cxd4 6. Bc4 Qd6 7. O-O Nf6 8.
Nb3 Nc6 9. Nbxd4 Nxd4 10. Nxd4 a6 11. a4 Qc7 12. Qe2 Bd6 13. h3 O-O 14. Bg5 Nd7
15. Bxe6 Re8 16. Bxf7+ Kxf7 17. Qh5+ Kf8 18. Qxh7 Nf6 19. Bxf6 gxf6 20. Qh8+
Kf7 21. Qh7+ Kf8 22. Qh8+ Kf7 1/2-1/2

[Event "IV Festival A"]
[Site "Salsomaggiore Terme ITA"]
[Date "2000.05.13"]
[Round "4"]
[White "Pipitone, Antonio"]
[Black "Tagliagambe, Stefano"]
[Result "1-0"]
[WhiteElo "2037"]
[BlackElo "1900"]
[PlyCount "57"]
[EventDate "2000.05.11"]

1. e4 c5 2. Nf3 e6 3. d4 cxd4 4. Nxd4 Nc6 5. Nc3 a6 6. a3 Nge7 7. Be3 Nxd4 8.
Qxd4 b5 9. Be2 Nc6 10. Qd2 Be7 11. O-O Bb7 12. f4 Rc8 13. Rad1 Na5 14. Kh1 Nc4
15. Bxc4 Rxc4 16. Qd3 d6 17. b3 Rc8 18. Rf2 O-O 19. Bd4 Bh4 20. Rfd2 Bf6 21.
Ne2 Be7 22. Ng3 Qc7 23. Nh5 e5 24. Qg3 g6 25. fxe5 dxe5 26. Bxe5 Qc6 27. Re2
Rfd8 28. Rf1 Qe6 29. h3 1-0

[Event "IV Festival A"]
[Site "Salsomaggiore Terme ITA"]
[Date "2000.05.13"]
[Round "4"]
[White "Scalcione, Michelangelo"]
[Black "Sciortino, Massimo"]
[Result "1-0"]
[WhiteElo "2183"]
[BlackElo "2190"]
[PlyCount "73"]
[EventDate "2000.05.11"]

1. Nf3 d6 2. d4 g6 3. c4 Bg7 4. Nc3 Nf6 5. e4 O-O 6. Be2 e5 7. O-O Nc6 8. d5
Ne7 9. Nd2 c5 10. a3 Ne8 11. b4 b6 12. g4 h5 13. h3 Kh7 14. Kg2 Bh6 15. Nf3
Bxc1 16. Qxc1 f6 17. gxh5 gxh5 18. Nh4 Rg8+ 19. Kh2 Rg5 20. Rg1 Ng6 21. Nxg6
Kxg6 22. h4 Rxg1 23. Qxg1+ Kh6 24. Qg8 Bg4 25. f3 f5 26. fxg4 Qxh4+ 27. Kg2
fxg4 28. Qf8+ Ng7 29. Qxd6+ Kh7 30. Rh1 Qg5 31. Rf1 h4 32. Qf6 h3+ 33. Kh1 Qe3
34. Qh4+ Kg8 35. Bxg4 Qxc3 36. Be6+ Nxe6 37. dxe6 1-0

[Event "IV Festival A"]
[Site "Salsomaggiore Terme ITA"]
[Date "2000.05.13"]
[Round "4"]
[White "Tencati, Giuseppe"]
[Black "Barberi, Alessandro"]
[Result "1-0"]
[WhiteElo "2054"]
[BlackElo "2135"]
[PlyCount "119"]
[EventDate "2000.05.11"]

1. d4 g6 2. c4 Bg7 3. e4 d6 4. Nc3 Nc6 5. Nf3 Bg4 6. Be3 e5 7. d5 Nd4 8. Be2
Nxe2 9. Qxe2 f5 10. h3 Bh5 11. Bd2 Bh6 12. O-O-O Bxd2+ 13. Rxd2 Nf6 14. Qd3 Nd7
15. exf5 Nc5 16. Qc2 Bxf3 17. gxf3 Qg5 18. fxg6 Qxg6 19. Ne4 Nd7 20. Rdd1 O-O-O
21. Rdg1 Qh6+ 22. Qd2 Qh5 23. Ng5 Nc5 24. b4 h6 25. bxc5 hxg5 26. Qe3 Rhf8 27.
Rg4 dxc5 28. Qxc5 Kb8 29. Qe7 Qg6 30. Rd1 Rde8 31. Qa3 e4 32. Rxe4 Rxe4 33.
Qxf8+ Re8 34. Qb4 Qf6 35. d6 Re2 36. dxc7+ Kxc7 37. Qa5+ Qb6 38. Qxb6+ Kxb6 39.
Rd2 Re1+ 40. Kc2 Kc5 41. Kd3 Rh1 42. Rb2 Rd1+ 43. Ke4 b6 44. Rb5+ Kxc4 45. Rxg5
Rd2 46. h4 Rxf2 47. h5 Rxa2 48. Rg7 a5 49. h6 Rh2 50. h7 a4 51. f4 a3 52. Ra7
Kb3 53. Kf5 b5 54. Kg6 b4 55. f5 Ka2 56. f6 b3 57. f7 b2 58. Rb7 Ka1 59. f8=Q
a2 60. h8=Q 1-0

[Event "IV Festival A"]
[Site "Salsomaggiore Terme ITA"]
[Date "2000.05.13"]
[Round "4"]
[White "Vivo, Mario"]
[Black "Tortora, Franco"]
[Result "1-0"]
[WhiteElo "2095"]
[BlackElo "1801"]
[PlyCount "77"]
[EventDate "2000.05.11"]

1. c4 c5 2. g3 Nf6 3. Bg2 Nc6 4. Nc3 g6 5. Nf3 Bg7 6. d4 cxd4 7. Nxd4 O-O 8. e3
Ne5 9. b3 d6 10. O-O Bg4 11. Qd2 Rb8 12. f4 Ned7 13. h3 Be6 14. f5 gxf5 15.
Nxf5 Bxf5 16. Rxf5 Ne5 17. Bb2 b6 18. Raf1 Nfd7 19. Rd1 Nc5 20. Rh5 f5 21. Qe2
Qe8 22. Nd5 Rc8 23. Nf4 a5 24. Qc2 Ne4 25. Bxe4 fxe4 26. Qxe4 h6 27. Rh4 Qf7
28. Bd4 Rb8 29. Kh1 Qe8 30. Ne6 Qf7 31. Nxg7 Nd3 32. Rd2 Qf1+ 33. Kh2 Nf2 34.
Qe6+ Rf7 35. Qxf7+ Kxf7 36. Rf4+ Kg8 37. Rdxf2 Qd3 38. Ne6 Qg6 39. Rg4 1-0

[Event "IV Festival A"]
[Site "Salsomaggiore Terme ITA"]
[Date "2000.05.13"]
[Round "4"]
[White "Vujovic, Milorad"]
[Black "Jurkovic, Ante"]
[Result "0-1"]
[WhiteElo "2316"]
[BlackElo "2326"]
[PlyCount "60"]
[EventDate "2000.05.11"]

1. c4 g6 2. g3 Bg7 3. d4 Nf6 4. Bg2 O-O 5. Nc3 d6 6. e4 Nc6 7. d5 Na5 8. Qe2 c5
9. dxc6 Nxc6 10. Nf3 Bg4 11. h3 Nd4 12. Qd3 Bxf3 13. Bxf3 Nd7 14. Be2 Ne5 15.
Qd1 Rc8 16. b3 Nxe2 17. Kxe2 Nxc4 18. bxc4 Bxc3 19. Bh6 Re8 20. Rc1 Qa5 21. Bd2
Rxc4 22. Qb3 Rxe4+ 23. Be3 Bd2 24. Qxb7 Rxe3+ 25. fxe3 Bxc1 26. Rxc1 Qxa2+ 27.
Kf3 Qe6 28. g4 Qf6+ 29. Kg3 Qe5+ 30. Kf3 Qh2 0-1

[Event "IV Festival A"]
[Site "Salsomaggiore Terme ITA"]
[Date "2000.05.14"]
[Round "5"]
[White "Bertagnolli, Alexander"]
[Black "Everet, Alexandro"]
[Result "1/2-1/2"]
[WhiteElo "2191"]
[BlackElo "2357"]
[PlyCount "81"]
[EventDate "2000.05.11"]

1. e4 c5 2. d4 cxd4 3. c3 dxc3 4. Nxc3 d6 5. Bc4 Nc6 6. Nf3 Nf6 7. e5 dxe5 8.
Qxd8+ Kxd8 9. Ng5 Na5 10. Bxf7 e6 11. Bxe6 Bxe6 12. Nxe6+ Ke7 13. Ng5 h6 14.
Nf3 Nc6 15. O-O Kf7 16. Re1 Bc5 17. Be3 Bb4 18. Rac1 Rad8 19. a3 Bxc3 20. Rxc3
Rd5 21. Kf1 Rhd8 22. Ke2 R8d7 23. h3 Re7 24. Rd1 Nd4+ 25. Nxd4 exd4 26. Rcd3
Rb5 27. Rxd4 Rxb2+ 28. R1d2 Rb1 29. R2d3 b6 30. Kf3 Rb7 31. g4 a5 32. h4 b5 33.
Rf4 Ke8 34. g5 hxg5 35. hxg5 Ng8 36. Bc5 Ne7 37. g6 Nxg6 38. Re3+ Kd8 39. Rd4+
Kc7 40. Rd6 Rc1 41. Rxg6 1/2-1/2

[Event "IV Festival A"]
[Site "Salsomaggiore Terme ITA"]
[Date "2000.05.14"]
[Round "5"]
[White "Chatalbashev, Boris"]
[Black "Contin, Daniel"]
[Result "1-0"]
[WhiteElo "2522"]
[BlackElo "2391"]
[PlyCount "103"]
[EventDate "2000.05.11"]

1. d4 e6 2. c4 Nf6 3. Nf3 Bb4+ 4. Nbd2 b6 5. a3 Bxd2+ 6. Qxd2 Bb7 7. e3 d6 8.
Be2 Nbd7 9. O-O O-O 10. b3 Qe7 11. Bb2 c5 12. Rad1 Ne4 13. Qc2 f5 14. Ne1 Qg5
15. d5 Rae8 16. Nd3 e5 17. f3 Nef6 18. Nf2 f4 19. Bc1 fxe3 20. Nh3 Qh6 21. Rd3
Nh5 22. Rxe3 Nf4 23. Nxf4 exf4 24. Rxe8 Rxe8 25. g3 g5 26. gxf4 gxf4 27. Kh1
Ne5 28. Rg1+ Kh8 29. Qe4 Rg8 30. Bb2 Qf6 31. Bd3 Rg7 32. Re1 Re7 33. Qf5 Qxf5
34. Bxf5 Kg7 35. Re4 b5 36. Rxf4 bxc4 37. bxc4 Rf7 38. Rg4+ Kf8 39. Bxe5 dxe5
40. Be6 Rg7 41. Kg2 Rxg4+ 42. fxg4 Ke7 43. g5 Ba6 44. Bg8 Kd6 45. h4 Bxc4 46.
h5 Bd3 47. Bxh7 e4 48. Bf5 c4 49. g6 c3 50. g7 c2 51. g8=Q c1=Q 52. Qe6+ 1-0

[Event "IV Festival A"]
[Site "Salsomaggiore Terme ITA"]
[Date "2000.05.14"]
[Round "5"]
[White "De Santis, Alessio"]
[Black "Scalcione, Michelangelo"]
[Result "1-0"]
[WhiteElo "2309"]
[BlackElo "2183"]
[PlyCount "69"]
[EventDate "2000.05.11"]

1. d4 Nf6 2. c4 g6 3. Nc3 Bg7 4. e4 d6 5. f3 O-O 6. Be3 Nc6 7. Nge2 a6 8. Qd2
Rb8 9. Rb1 Na5 10. Nc1 b5 11. cxb5 axb5 12. Nxb5 c6 13. b4 Nb7 14. Nc3 Be6 15.
Be2 Qc7 16. O-O c5 17. Nb5 Qb6 18. bxc5 dxc5 19. dxc5 Nxc5 20. Nd3 Nfd7 21. Qc2
Rbc8 22. Nxc5 Rxc5 23. Bxc5 Nxc5 24. Kh1 Nd7 25. Nc7 Qc5 26. Qxc5 Nxc5 27. Nxe6
Nxe6 28. Rb7 Nd4 29. Bd3 e6 30. Rfb1 Be5 31. a4 Ra8 32. Bb5 h5 33. Re7 Rb8 34.
f4 Bg7 35. e5 1-0

[Event "IV Festival A"]
[Site "Salsomaggiore Terme ITA"]
[Date "2000.05.14"]
[Round "5"]
[White "Frigieri, Fabrizio"]
[Black "Bini, Lorenzo"]
[Result "1-0"]
[WhiteElo "1900"]
[BlackElo "2067"]
[PlyCount "82"]
[EventDate "2000.05.11"]

1. e4 d6 2. d4 Nf6 3. Nc3 c6 4. Be2 Qa5 5. Bf3 h6 6. Nge2 g5 7. g3 Bh3 8. Qd3
Na6 9. Be3 O-O-O 10. O-O-O Bg7 11. Kb1 Ng4 12. Bxg4+ Bxg4 13. h3 Bh5 14. g4 Bg6
15. Qd2 Kb8 16. Nc1 e6 17. Nb3 Qc7 18. f4 gxf4 19. Bxf4 e5 20. Bg3 exd4 21.
Nxd4 Nc5 22. Rhe1 Be5 23. Bh4 Rde8 24. Nf5 Bxf5 25. exf5 Qa5 26. Ne4 Qb6 27. c3
Nxe4 28. Rxe4 Ka8 29. Rde1 Rc8 30. Bf2 Qa6 31. Be3 f6 32. Bxh6 d5 33. R4e2 Bg3
34. Rg1 Be5 35. h4 Rxh6 36. Rxe5 Rxh4 37. Re6 Rch8 38. Qe1 Qd3+ 39. Ka1 a6 40.
Re3 Qc2 41. Re2 Qd3 1-0

[Event "IV Festival A"]
[Site "Salsomaggiore Terme ITA"]
[Date "2000.05.14"]
[Round "5"]
[White "Gorbatov, Alexej"]
[Black "Aleksic, Nenad"]
[Result "1-0"]
[WhiteElo "2423"]
[BlackElo "2405"]
[PlyCount "51"]
[EventDate "2000.05.11"]

1. c4 b6 2. e4 Bb7 3. Nc3 e6 4. d4 Bb4 5. Bd3 f5 6. Qc2 Nf6 7. f3 fxe4 8. fxe4
Bxc3+ 9. bxc3 Nxe4 10. Nf3 Nf6 11. O-O Qe7 12. c5 Nc6 13. a4 O-O-O 14. a5 e5
15. axb6 axb6 16. Qa4 exd4 17. cxb6 cxb6 18. cxd4 Qb4 19. Qc2 Qe7 20. Bg5 Kb8
21. Rfb1 h6 22. Bh4 Rc8 23. Qb3 d6 24. Bf5 Rc7 25. d5 Ne5 26. Qxb6 1-0

[Event "IV Festival A"]
[Site "Salsomaggiore Terme ITA"]
[Date "2000.05.14"]
[Round "5"]
[White "Laketic, Gojko"]
[Black "Jurkovic, Ante"]
[Result "1-0"]
[WhiteElo "2456"]
[BlackElo "2326"]
[PlyCount "153"]
[EventDate "2000.05.11"]

1. d4 e6 2. c4 c5 3. d5 exd5 4. cxd5 d6 5. Nc3 Be7 6. Nf3 a6 7. g3 b5 8. a3 Bf6
9. Ne4 Bf5 10. Nfd2 Be7 11. b4 Bxe4 12. Nxe4 Nf6 13. Nc3 Nbd7 14. Bg2 Rc8 15.
O-O O-O 16. Qb3 Re8 17. Bd2 Bf8 18. Rfd1 Qb6 19. Rab1 cxb4 20. axb4 Rc4 21. e3
Qb7 22. Ra1 g6 23. Be1 Bg7 24. Qa3 Nb8 25. Rac1 Nbd7 26. Ne2 Nb6 27. Rxc4 Nxc4
28. Qa2 Ne4 29. Nd4 h5 30. Qc2 Nf6 31. h3 Nh7 32. Nc6 Qd7 33. Kh2 Ng5 34. h4
Nh7 35. Bh3 Qb7 36. Bf1 Ne5 37. Nxe5 Bxe5 38. Qc6 Re7 39. Qxb7 Rxb7 40. Rc1 Nf6
41. Rc6 Ra7 42. Bg2 Kf8 43. Bd2 Ke7 44. Kg1 Nd7 45. Kf1 Bg7 46. f4 Nb8 47. Rc2
Kd8 48. Ke2 Rc7 49. Rxc7 Kxc7 50. Kd3 Nd7 51. e4 Nb6 52. Be1 Nc4 53. Bh3 Kd8
54. Bg2 Bb2 55. Bf1 Bg7 56. Be2 Kc7 57. g4 hxg4 58. Bxg4 Kd8 59. h5 gxh5 60.
Bh4+ f6 61. Bxh5 Kc7 62. Be8 Bh6 63. Bg3 Kb6 64. Bd7 a5 65. Bf2+ Kc7 66. Bxb5
Na3 67. Ba4 axb4 68. Be3 Nb1 69. Bd1 Nc3 70. Bf3 Na4 71. Kc4 Nc5 72. Kxb4 Bxf4
73. Bg1 Nd3+ 74. Kb5 Ne5 75. Bg2 Ng4 76. Bb6+ Kb7 77. Bh3 1-0

[Event "IV Festival A"]
[Site "Salsomaggiore Terme ITA"]
[Date "2000.05.14"]
[Round "5"]
[White "Mione, Dario"]
[Black "Tencati, Giuseppe"]
[Result "1-0"]
[WhiteElo "2290"]
[BlackElo "2054"]
[PlyCount "65"]
[EventDate "2000.05.11"]

1. e4 e6 2. Nf3 d5 3. Nc3 Nf6 4. exd5 exd5 5. d4 c6 6. Bd3 Bd6 7. Qe2+ Qe7 8.
Bg5 Qxe2+ 9. Nxe2 Nbd7 10. Ng3 Bxg3 11. hxg3 Ne4 12. Bxe4 dxe4 13. Nd2 f5 14.
Nc4 Kf7 15. O-O-O b6 16. d5 c5 17. Nd6+ Kg6 18. Be7 Ba6 19. g4 fxg4 20. Rde1
Nf6 21. c4 Ne8 22. Rxe4 Nxd6 23. Rxg4+ Kf7 24. Bxd6 Rae8 25. Rf4+ Kg6 26. Kd2
Bc8 27. a4 Bd7 28. Ra1 a6 29. Ra3 h6 30. a5 b5 31. Rg3+ Kh5 32. Rxg7 Bc8 33. g3
1-0

[Event "IV Festival A"]
[Site "Salsomaggiore Terme ITA"]
[Date "2000.05.14"]
[Round "5"]
[White "Mrdja, Milan"]
[Black "Loncar, Robert"]
[Result "1/2-1/2"]
[WhiteElo "2425"]
[BlackElo "2406"]
[PlyCount "79"]
[EventDate "2000.05.11"]

1. e4 e5 2. Nf3 Nc6 3. Bb5 a6 4. Ba4 Nf6 5. O-O Be7 6. Re1 b5 7. Bb3 d6 8. c3
O-O 9. h3 Nb8 10. d4 Nbd7 11. Nbd2 Bb7 12. Bc2 Re8 13. b3 Bf8 14. Bb2 c6 15. a4
Qc7 16. Bd3 g6 17. b4 Bg7 18. Qb3 h6 19. dxe5 dxe5 20. Nh4 Nf8 21. axb5 axb5
22. Rxa8 Rxa8 23. c4 Rd8 24. Nhf3 bxc4 25. Nxc4 N6d7 26. Na5 Ba8 27. Bc4 Nb6
28. Rc1 Nxc4 29. Qxc4 Rb8 30. Nxc6 Bxc6 31. Qxc6 Qxc6 32. Rxc6 Rxb4 33. Bxe5
Rxe4 34. Bxg7 Kxg7 35. g3 Ne6 36. Kf1 Ra4 37. Rc2 Ra3 38. Ne5 Ra1+ 39. Kg2 Ra5
40. Nf3 1/2-1/2

[Event "IV Festival A"]
[Site "Salsomaggiore Terme ITA"]
[Date "2000.05.14"]
[Round "5"]
[White "Oppici, Gabriele"]
[Black "Pipitone, Antonio"]
[Result "0-1"]
[WhiteElo "2056"]
[BlackElo "2037"]
[PlyCount "102"]
[EventDate "2000.05.11"]

1. Nc3 Nf6 2. e4 d6 3. d4 e6 4. Nf3 Be7 5. Be2 O-O 6. O-O b6 7. Re1 Bb7 8. Bf1
c5 9. Bf4 cxd4 10. Qxd4 e5 11. Nxe5 dxe5 12. Qxe5 Nc6 13. Qb5 Nd4 14. Qd3 Ne6
15. Qf3 Nxf4 16. Qxf4 Bc5 17. Bd3 Nh5 18. Qg4 g6 19. Rf1 Qe7 20. Kh1 Nf6 21.
Qh4 Nd5 22. Qxe7 Nxe7 23. Ne2 Nc6 24. f3 Rad8 25. a3 Ne5 26. Bb5 a6 27. Ba4 Nc4
28. b4 Be3 29. Rfe1 Rd2 30. Bb3 b5 31. Ng3 Bf2 32. Rec1 Rfd8 33. Nf1 R2d7 34.
h3 Kg7 35. Kh2 h5 36. a4 Bd4 37. c3 Be5+ 38. Kg1 Rd3 39. axb5 axb5 40. Bxc4
bxc4 41. Ra3 Ra8 42. Rxa8 Bxa8 43. Ra1 Bc6 44. Ra6 Bd7 45. b5 Bxc3 46. b6 Bd4+
47. Kh2 Bc6 48. Ng3 c3 49. Ne2 c2 50. Ra2 Rd2 51. Nc1 Be5+ 0-1

[Event "IV Festival A"]
[Site "Salsomaggiore Terme ITA"]
[Date "2000.05.14"]
[Round "5"]
[White "Raineri, Valerio"]
[Black "Giretti Kanev, Jasen"]
[Result "1/2-1/2"]
[WhiteElo "1981"]
[BlackElo "2155"]
[PlyCount "110"]
[EventDate "2000.05.11"]

1. e4 c5 2. Nf3 e6 3. d3 Nc6 4. g3 d5 5. Nbd2 Nf6 6. Bg2 dxe4 7. dxe4 e5 8. c3
Qd3 9. Bf1 Qd6 10. Bb5 Bh3 11. Ng5 Be6 12. Nxe6 Qxe6 13. Qe2 Be7 14. O-O O-O
15. f3 Na5 16. Bc4 Qc6 17. a3 Rac8 18. Bb5 Qb6 19. Kg2 c4 20. Ba4 Rfd8 21. Re1
Bc5 22. Nf1 Nb3 23. Bxb3 Qxb3 24. Be3 Be7 25. Red1 a6 26. Bf2 Rd3 27. Rxd3 cxd3
28. Qd2 Ne8 29. Ne3 Nd6 30. Nd5 Bf8 31. Rb1 Nc4 32. Qxd3 Nxb2 33. Qe2 Bxa3 34.
Rxb2 Qxb2 35. Qxb2 Bxb2 36. Ne7+ Kf8 37. Nxc8 Bxc3 38. Kf1 Bb4 39. Ke2 Ke8 40.
Kd3 Kd7 41. Nb6+ Kc6 42. Kc4 Ba5 43. Nd5 b5+ 44. Kb3 Bd8 45. Nb4+ Kb7 46. Bc5
a5 47. Nd5 Kc6 48. Be7 Bxe7 49. Nxe7+ Kc5 50. Nf5 a4+ 51. Ka3 Kc4 52. Nd6+ Kd4
53. f4 f6 54. fxe5 fxe5 55. Kb4 h5 1/2-1/2

[Event "IV Festival A"]
[Site "Salsomaggiore Terme ITA"]
[Date "2000.05.14"]
[Round "5"]
[White "Scarenzio, Renato"]
[Black "Vivo, Mario"]
[Result "0-1"]
[WhiteElo "2013"]
[BlackElo "2095"]
[PlyCount "86"]
[EventDate "2000.05.11"]

1. d4 Nf6 2. c4 g6 3. Nc3 d5 4. Nf3 Bg7 5. Bg5 Ne4 6. cxd5 Nxg5 7. Nxg5 c6 8.
dxc6 Nxc6 9. d5 Ne5 10. e3 O-O 11. Qb3 e6 12. f4 exd5 13. Nxd5 Qa5+ 14. Ke2 Nc6
15. Ne4 Be6 16. Ndf6+ Kh8 17. Qxb7 Bd5 18. Kf2 Rab8 19. Qd7 Rxb2+ 20. Kg3 Rd8
21. Qh3 h6 22. Nxd5 Qxd5 23. Ng5 Kg8 24. e4 Qd4 25. Nxf7 Kxf7 26. Qg4 Qxe4 27.
Qf3 Qxf3+ 28. Kxf3 Rdd2 29. Rc1 Nd4+ 30. Ke4 Rdc2 31. Rd1 Rb4 32. a3 Ra4 33. g3
Nf5+ 34. Kf3 Rxa3+ 35. Bd3 Rcc3 36. Ke2 Nd4+ 37. Ke3 a5 38. Rhf1 h5 39. Rh1 a4
40. Ke4 Nf5 41. Bf1 Rab3 42. Bd3 Nd6+ 43. Ke3 Nc4+ 0-1

[Event "IV Festival A"]
[Site "Salsomaggiore Terme ITA"]
[Date "2000.05.14"]
[Round "5"]
[White "Sciortino, Massimo"]
[Black "Bemporad, Filippo"]
[Result "1-0"]
[WhiteElo "2190"]
[BlackElo "2110"]
[PlyCount "81"]
[EventDate "2000.05.11"]

1. e4 c5 2. Nf3 d6 3. d4 cxd4 4. Qxd4 Nc6 5. Bb5 Bd7 6. Bxc6 Bxc6 7. Nc3 Nf6 8.
Bg5 e6 9. O-O-O Be7 10. e5 dxe5 11. Qh4 Qc7 12. Rhe1 Nd5 13. Nxd5 Bxd5 14. Rxd5
Bxg5+ 15. Qxg5 exd5 16. Rxe5+ Kf8 17. Rxd5 Kg8 18. Qd2 h6 19. Rd7 Qb6 20. Ne5
Rf8 21. Rd5 Qe6 22. f4 h5 23. Nd7 Rc8 24. b3 Rh6 25. f5 Qa6 26. Kb2 Qf1 27. f6
Rg6 28. g3 h4 29. Rg5 Rxf6 30. Nxf6+ Qxf6+ 31. Kb1 h3 32. Rd5 Re8 33. Rd4 Qf1+
34. Kb2 Qe2 35. Kc3 Qe5 36. Qf4 Qc5+ 37. Kb2 Qb5 38. Rd2 Qc6 39. Rf2 Qe6 40. c4
a6 41. Qd4 1-0

[Event "IV Festival A"]
[Site "Salsomaggiore Terme ITA"]
[Date "2000.05.14"]
[Round "5"]
[White "Tortora, Franco"]
[Black "Bosio, Devis"]
[Result "0-1"]
[WhiteElo "1801"]
[BlackElo "2131"]
[PlyCount "56"]
[EventDate "2000.05.11"]

1. d4 f5 2. c4 Nf6 3. Nf3 g6 4. g3 Bg7 5. Bg2 O-O 6. O-O d6 7. b3 Qe8 8. e3 e5
9. dxe5 dxe5 10. Ba3 Rf7 11. Qc2 Nc6 12. Nc3 e4 13. Ng5 Rd7 14. Rad1 h6 15. Nh3
Ne5 16. Nf4 c6 17. Rxd7 Bxd7 18. Rd1 g5 19. Nfe2 Nf3+ 20. Kf1 Ng4 21. Bxf3
Nxh2+ 22. Ke1 Nxf3+ 23. Kf1 Qh5 24. Nd4 Qh1+ 25. Ke2 Nxd4+ 26. exd4 Qf3+ 27.
Ke1 Re8 28. Qe2 Qxc3+ 0-1

[Event "IV Festival A"]
[Site "Salsomaggiore Terme ITA"]
[Date "2000.05.14"]
[Round "5"]
[White "Turci, Stefano"]
[Black "Nelli, Luca"]
[Result "1/2-1/2"]
[WhiteElo "2174"]
[BlackElo "1936"]
[PlyCount "50"]
[EventDate "2000.05.11"]

1. e4 e5 2. Nf3 Nc6 3. Nc3 Nf6 4. Bb5 Bb4 5. Nd5 Nxd5 6. exd5 Nd4 7. Nxd4 exd4
8. O-O O-O 9. Qg4 Bc5 10. b4 Bxb4 11. Qxd4 Be7 12. Rb1 Bf6 13. Qf4 d6 14. Bb2
Bxb2 15. Rxb2 Rb8 16. Bc6 b6 17. Qa4 a6 18. Rb3 b5 19. Qd4 Bd7 20. Bxd7 Qxd7
21. Re3 Rfe8 22. Rfe1 Rxe3 23. Qxe3 g6 24. Qe4 Rc8 25. h4 h5 1/2-1/2